Nazwij Pasujące Państwo #4 - Statystyki

Ogólne statystyki
  • Ten quiz został rozwiązany 87 razy
    59 od ostatniego zresetowania
  • Średni wynik to 13 z 15
Statystyki odpowiedzi
Podpowiedz Państwo % Poprawnych
Państwo na N Niger / Nigeria / Nepal / Niemcy / Nikaragua / Nowa Zelandia / Norwegia / Nauru / Namibia
100%
Państwo na U Urugwaj / Ukraina / Uzbekistan / Uganda
100%
Graniczy z Pakistanem Afganistan / Indie / Iran / Chiny
98%
Państwo kończące się R Cypr / Ekwador / Niger / Katar / Singapur / Madagaskar / Salwador
96%
Graniczy z Czarnogórą Serbia / Kosowo / Bośnia i Hercegowina / Albania / Chorwacja
96%
Gdzie się znajduje Miasto Atlanta Stany Zjednoczone
94%
Wyspa Rodos do kogo należy ? Grecja
92%
Stolicą tego Państwa jest Teheran Iran
92%
Największe Państwo w Afryce Algieria
88%
Góry Pireneje Gdzie się znajdują ? Francja / Hiszpania / Andora
88%
Którego stolica zaczyna się na O Kanada / Norwegia
88%
Gdzie się znajduje Miasto Nikozja Cypr
86%
Państwo na Półwyspie Apenińskim Włochy / Watykan / San Marino
86%
Stolicą tego Państwa jest Nairobi Kenia
80%
Gdzie znajduje się szczyt Elbrus Rosja
60%
Nie znaleziono quizów pasujących do podanych kryteriów
Rozkład punktacji
Procent ludzi z każdym wynikiem
Percentyl według liczby udzielonych odpowiedzi
Twoja historia wyników
Nie rozwiązałeś tego quizu od ostatniego zresetowania